=LDR 00000nam 2200000 4500 =001 INLIS000000000029386 =005 20130612131626 =008 ***********************************Ind** =035 ##$$0010-061300000029386 =041 ##$$a Ind =082 ##$$a 811 =090 ##$$a 811, Har s =100 ##$$a Herfanda, Ahmad Yosi =245 ##$$a Sembahyang rumputan, Ahmadun Yosi Herfanda =260 ##$$a 1996 $b Jakarta =300 ##$$a 92 hlm, 21 cm =650 ##$$a Sastra =850 ##$$a NBPNMAT